00787nam a2200169 a 450000100060000000300090000600800410001502000150005604000280007108200170009924500740011626000370019030000090022750503320023665000240056865000250059220975CO-ViMGA141112s2004 ck r 000 u spa d a9587011113 aCO-ViMGAbspacCO-ViMGA04a303.484 M68410aMovimientos sociales y transformaciones populares en América latina aBogotá : bPlaneta Paz, c2004 a206p aLos movimientos sociales en la globalización : retos y perspectivas 17 - - La democratización del estado : participación social y gestión de gobierno de Montevideo 81 - - Agendas sociales Latinoaméricanas y acción local 121 - - Procesos sociales por la paz en Colombia y la influencia de Centro y SurAmérica 149 14aCONFLICTOS SOCIALES14aMOVIMIENTOS SOCIALES